[Event "Bahn-chT"]
[Site "Gemuend"]
[Date "1999.10.30"]
[Round "7.5"]
[White "Pfeffer, Rolf"]
[Black "Pilch, Herbert"]
[Result "1/2-1/2"]
[WhiteElo "1828"]
[BlackElo "1784"]
[PlyCount "32"]
[EventDate "1999.10.24"]
[EventType "team-tourn"]
[EventRounds "7"]
[EventCountry "GER"]
[SourceTitle "EXT 2003"]
[Source "ChessBase"]
[SourceDate "2002.11.25"]
[SourceVersion "1"]
[SourceVersionDate "2002.11.25"]
[SourceQuality "1"]
[WhiteTeam "Stuttgart (Bahn)"]
[BlackTeam "Karlsruhe (Bahn)"]
[WhiteTeamCountry "GER"]
[BlackTeamCountry "GER"]

1. e4 c6 2. d4 d5 3. Nc3 dxe4 4. Nxe4 Bf5 5. Nc5 b6 6. Nb3 e6 7. Nf3 Be7 8. Bd3 Bxd3 9. Qxd3 Nf6 10. Ne5 0-0 11. 0-0 Qc8 12. Qf3 Nfd7 13. Qg3 Nxe5 14. dxe5 Rd8 15. Bh6 Bf8 16. Nd2 Nd7 1/2-1/2